Bordering countries bordering the same number of countries - Statistics

General Stats
  • This quiz has been taken 9 times
  • The average score is 54 of 69
Answer Stats
# Country % Correct
5 Bolivia
100%
14 China
100%
4 Greece
100%
7 Hungary
100%
5 Romania
100%
14 Russia
100%
3 Vietnam
100%
5 Argentina
88%
3 Cambodia
88%
6 Central African Republic
88%
6 Chad
88%
5 Colombia
88%
6 Ethiopia
88%
3 Finland
88%
3 Ghana
88%
3 Indonesia
88%
5 Kazakhstan
88%
4 Kosovo
88%
5 Laos
88%
4 Latvia
88%
4 Lithuania
88%
5 Montenegro
88%
3 Norway
88%
5 Uganda
88%
5 Uzbekistan
88%
8 Zambia
88%
4 Albania
75%
4 Angola
75%
4 Benin
75%
5 Bulgaria
75%
2 Costa Rica
75%
5 Croatia
75%
3 Djibouti
75%
1 Dominican Republic
75%
3 Eritrea
75%
1 Haïti
75%
4 Israel
75%
4 Jordan
75%
5 Kenya
75%
4 Kyrgyzstan
75%
3 Malaysia
75%
5 Myanmar
75%
2 Nicaragua
75%
7 Niger
75%
4 Nigeria
75%
5 North Macedonia
75%
2 Panama
75%
5 Peru
75%
7 Poland
75%
3 Somalia
75%
6 South Sudan
75%
3 Togo
75%
7 Ukraine
75%
3 Venezuela
75%
4 Zimbabwe
75%
6 Algeria
63%
4 Armenia
63%
4 Botswana
63%
6 Cameroon
63%
4 Georgia
63%
3 Guyana
63%
6 Libya
63%
7 Mali
63%
4 Namibia
63%
3 Suriname
63%
4 Tajikistan
63%
8 Tanzania
63%
6 Mozambique
50%
6 South Africa
50%
No matching quizzes found
Score Distribution
Percent of People with Each Score
Percentile by Number Answered
Your Score History
You have not taken this quiz